<?xml version="1.0" encoding="UTF-8"?>
<record
    xmlns:xsi="http://www.w3.org/2001/XMLSchema-instance"
    xsi:schemaLocation="http://www.loc.gov/MARC21/slim http://www.loc.gov/standards/marcxml/schema/MARC21slim.xsd"
    xmlns="http://www.loc.gov/MARC21/slim">

  <leader>00484nam a22001457a 4500</leader>
  <datafield tag="999" ind1=" " ind2=" ">
    <subfield code="c">113495</subfield>
    <subfield code="d">113495</subfield>
  </datafield>
  <controlfield tag="005">20190806113637.0</controlfield>
  <controlfield tag="008">190806b           ||||| |||| 00| 0 eng d</controlfield>
  <datafield tag="040" ind1=" " ind2=" ">
    <subfield code="c">PK-LaUMT</subfield>
  </datafield>
  <datafield tag="082" ind1=" " ind2=" ">
    <subfield code="a">MSC 915.845</subfield>
    <subfield code="b">YOU-M</subfield>
  </datafield>
  <datafield tag="100" ind1=" " ind2=" ">
    <subfield code="a">Younas Mateen  = &#x6CC;&#x648;&#x646;&#x633; &#x645;&#x62A;&#x6CC;&#x646;</subfield>
  </datafield>
  <datafield tag="245" ind1=" " ind2=" ">
    <subfield code="a">Mala ko mala ko =  (&#x645;&#x627;&#x644;&#x627; &#x6A9;&#x648; &#x645;&#x627;&#x644;&#x627; &#x6A9;&#x648; (&#x633;&#x641;&#x631;&#x646;&#x627;&#x645;&#x6C1; &#x642;&#x627;&#x632;&#x642;&#x633;&#x62A;&#x627;&#x646; /</subfield>
    <subfield code="c">by Younas Mateen  = &#x6CC;&#x648;&#x646;&#x633; &#x645;&#x62A;&#x6CC;&#x646;</subfield>
  </datafield>
  <datafield tag="260" ind1=" " ind2=" ">
    <subfield code="a">Lahore :</subfield>
    <subfield code="b">Nazmeena Publication,</subfield>
    <subfield code="c">2015</subfield>
  </datafield>
  <datafield tag="300" ind1=" " ind2=" ">
    <subfield code="a">200 p.</subfield>
  </datafield>
  <datafield tag="942" ind1=" " ind2=" ">
    <subfield code="c">BK</subfield>
  </datafield>
  <datafield tag="952" ind1=" " ind2=" ">
    <subfield code="0">0</subfield>
    <subfield code="1">0</subfield>
    <subfield code="4">0</subfield>
    <subfield code="7">0</subfield>
    <subfield code="a">01</subfield>
    <subfield code="b">01</subfield>
    <subfield code="d">2019-08-06</subfield>
    <subfield code="l">0</subfield>
    <subfield code="o">MSC 915.845 YOU-M</subfield>
    <subfield code="p">112568</subfield>
    <subfield code="r">2019-08-06 00:00:00</subfield>
    <subfield code="w">2019-08-06</subfield>
    <subfield code="y">BK</subfield>
  </datafield>
</record>
